00733nam a22002417a 450000500170000001000290001702000260004602000110007202000230008303500270010603500170013303700200015003700230017003700120019308200080020510000170021324500930023025000110032326000380033427000430037230000330041549000430044820150216162509.0 aENG-103194 B-463300-329 a9780071332156c495.00 c575.00 a0071332154c495.00 aEN-86727 B-463300-329 aB-538216(RP) bDBAD / PUBadpl bK K Publisheradpl bRBC/Ven a000 aSharma, Arun aHow to prepare for data interpretation & logical reasoning for the CAT /cby Arun Sharma a6th ed aNew DelhibTata McGraw Hillc2011 a7, West Patel NagarbNew Delhie110002 avarious pagingsc29cm (pbk)  aTata McGraw Hill's winning edge series